000 00272nam a22001217a 4500
008 170825b xxu||||| |||| 00| 0 eng d
041 _aeng
080 _23 ED
_a070
100 _a40
101 _aMAT
245 _aTHINKING FOR YOURSELF
_cMAYFIELD.M
942 _2udc
_cBK
999 _c24988
_d24988